000 00708cam a2200229 a 4500
001 2995067
005 20180316042804.0
008 930413s1994 nyua b 001 0 eng
010 _a 93004267
020 _a0070034923 (alk. paper)
040 _aDLC
_cDLC
_dDLC
041 _aeng
080 _a300.72 BAK
082 0 0 _a300.72 BAK
_220
100 1 _a50
101 _aSOC
245 1 0 _aDoing social research /
_cTherese L. Baker.
504 _aIncludes bibliographical references (p. 465-472) and index.
906 _a7
_bcbc
_corignew
_d1
_eocip
_f19
_gy-gencatlg
942 _2ddc
_cBK
999 _c45190
_d45190